Responses for Show #4192 - Tuesday, November 19, 2002

2002 College Championship semifinal game 2.
From the Schottenstein Center at the Ohio State University in Columbus.

Contestants

[<< previous game]

Kyle Hale, a senior at Texas A&M University from Katy, Texas

Stacy Lee, a senior at Smith College from Bellerose, New York

Arianna Haut, a junior at Washington University at St. Louis from Topanga, California

[next game >>]

Jeopardy! Round responses

OUR FOUNDING FATHERS
BALL GAMES
IT JUST SOUNDS QUESTIONABLE
I'M IN HEAVEN
IT'S ABOUT TIME
HEY, THAT RHYMES
    $200 26
Thomas Jefferson

Kyle
    $200 19
cue ball

Arianna
    $200 1
when

Kyle
    $200 6
ladder

Arianna
    $200 9
2076

Kyle
    $200 14
Hanks' pranks

Kyle
    $400 27
James Madison

Kyle
    $400 20
croquet

Kyle
    $400 2
(Kyle: What are wares?)

ware

Kyle
Triple Stumper
    $400 7
7th Heaven

Kyle
    $400 10
average life expectancy

Kyle
    $400 15
think pink

Arianna
    $600 28
John Hancock

Arianna
    $600 21
volleyball

Stacy
    $1,000 3
(Kyle: What is X?)

Y

Kyle
    $600 8
(Arianna: Who is Michael?)

Gabriel

Arianna
Triple Stumper
    $600 11
a stitch in time

Kyle
    $600 16
cattle battle

Kyle
    $800 29
Thomas Paine

Kyle
    $800 22
roulette

Kyle
    $800 4
wat

Stacy
    $800 24
(Alex: With a minute to go.)

Rudolph Valentino

Kyle
    $800 12
7

Triple Stumper
    $800 17
dim gym

Kyle
    $1000 30
Patrick Henry

Triple Stumper
    $1000 23
(Arianna: What is hockey?)

handball

AriannaKyle
    $1000 5
Howe

Arianna
    $1000 25
Robert Browning

Triple Stumper
    $1000 13
Saturday (for Saturn)

Stacy
    $1000 18
sloppy copy

Kyle

Scores at the first commercial break (after clue 15):

Arianna Stacy Kyle
$1,000 $1,800 $600

Scores at the end of the Jeopardy! Round:

Arianna Stacy Kyle
$800 $2,400 $7,400

Double Jeopardy! Round responses

"A" IN GEOGRAPHY
EVERYONE'S A COMEDIAN
THE ELEMENTS
AMERICAN TREES
LITERARY BROTHERS
WORD ORIGINS
    $400 17
(Arianna: What is the Adriatic Sea?)
(Kyle: What is the Mediterranean Sea?)

Aegean Sea

AriannaKyle
Triple Stumper
    $400 11
Whoopi Goldberg

Kyle
    $400 6
hydrogen

Kyle
    $400 16
birch

Triple Stumper
    $400 1
"Brave New World"

Kyle
    $400 22
"Jabberwocky"

Kyle
    $3,000 18
Albania

Kyle
    $800 12
(Alex: We learn from Jeopardy!)

Adam Sandler

Kyle
    $800 7
chlorine

Stacy
    $800 27
maple

Arianna
    $800 2
(Kyle: Who are the McColloughs?)

the McCourts

AriannaKyle
    $800 23
garage

Arianna
    $1200 19
(Kyle: What is Aruba?)

Antigua

Kyle
Triple Stumper
    $1200 13
Charlie Chaplin

Kyle
    $1200 8
lead

Triple Stumper
    $1200 28
(Arianna: What is date?)

palmetto

AriannaKyle
    $1200 3
the Grimm Brothers

Arianna
    $1200 24
(Alex: Less than a minute now.)

Ouija

Kyle
    $1600 20
(Kyle: What is...[time]?)

Mount Aconcagua

Kyle
Triple Stumper
    $1600 14
Rosie O'Donnell

Arianna
    $1600 9
tin

Kyle
    $1600 29
ash

Kyle
    $1600 4
Dominick Dunne

Kyle
    $1600 25
spelunker

Kyle
    $2000 21
Agra

Kyle
    $2000 15
Abbott & Costello

Kyle
    $2,500 10
(Kyle: What is zinc?)

zirconium

Kyle
    $2000 30
Ponderosa Pine

Triple Stumper
    $2000 5
Anthony Trollope

Triple Stumper
    $2000 26
sleuth

Arianna

Scores at the end of the Double Jeopardy! Round:

Arianna Stacy Kyle
$6,400 $3,200 $20,300
(lock game)

[wagering suggestions for these scores]

Final Jeopardy! Round responses

IN THE NEWS
StacyWhat is Smith College?
$3,200
AriannaWhat is the International Space Station
$6,400
KyleWhat is the MIR Space Station?
$0
International Space Station (ISS)

Final scores:

Arianna Stacy Kyle
$12,800 $0 $20,300
2nd place: $5,000 3rd place: $5,000 Finalist

Game dynamics:

Coryat scores:

Arianna Stacy Kyle
$6,400 $3,200 $21,600
11 R,
4 W
4 R,
0 W
31 R
(including 1 DD),
7 W
(including 2 DDs)

Combined Coryat: $31,200

[game clues] [game scores] [suggest correction]

Game tape date: 2002-10-06
The J! Archive is created by fans, for fans. Scraping, republication, monetization, and malicious use prohibited; this site may use cookies and collect identifying information. See terms. The Jeopardy! game show and all elements thereof, including but not limited to copyright and trademark thereto, are the property of Jeopardy Productions, Inc. and are protected under law. This website is not affiliated with, sponsored by, or operated by Jeopardy Productions, Inc. Join the discussion at JBoard.tv.